Un certain monsieur Blot

Đã lưu trong:
Chi tiết về thư mục
Tác giả chính: Daninos, Pierre
Định dạng: Sách
Ngôn ngữ:Undetermined
Được phát hành: París, Francia Hachette 1960
Những chủ đề:
Các nhãn: Thêm thẻ
Không có thẻ, Là người đầu tiên thẻ bản ghi này!

MARC

LEADER 00000nam a2200000Ia 4500
008 170316s9999 xx 000 0 und d
040 |a cru BVZT 
090 |a 840 D-3u 
100 |a Daninos, Pierre 
245 |a Un certain monsieur Blot 
260 |a París, Francia 
260 |b Hachette 
260 |c 1960 
300 |a 284 páginas 
650 |a LITERATURA FRANCESA 
999 |c 7645  |d 7645 
942 |c 15 D  |h 840 D-3u  |2 z